000 00666nam a22001935i 4500
001 160429
003 ES-MaACL
005 20251122063133.0
008 040924s1878 gw |||| | eng d
040 _aCAM
_bspa
_cCAM
100 1 _aMurray, Eustace Clare Grenville,
_d1824-1881
_9130298
245 1 0 _aStrange tales /
_cby E.C. Grenville Murray.
260 _aLeipzig :
_bBernhard Tauchnitz,
_c1878.
300 _a272 p. ;
_c16 cm.
490 1 _aCollection of british authors ;
_v1793
830 0 _aCollection of british authors ;
_v1793
_9180703
852 _aES-MaACL
_jG-11604
_z-- Enc. hol., conservando la cub. original
999 _c160429
_d160429